00993cam a22003494i 4500003000900000005001700009008004100026020001500067035002700082040003300109082001700142100002500159245002100184264006300205300003800268336002100306337002500327338002300352505015400375526001000529526001000539526001000549526001000559526000800569526000800577526000800585526000800593526000800601526000800609526000800617650001800625PE-LiUPU20250731173541.0150616s r 000 0 d a0801056926 a(Sirsi) i9780801056925 aPE-LiUPUbspacPE-LiUPUerda04a200bL982211 aLuter, Boyd,eautor.10aTruthful Living. 1aGrand Rapids, Michigan :bBaker Book House Company,c1994. a200 páginas ;c21 centímetros atext2rdacontent aunmediated2rdamedia avolume2rdacarrier0 aThe delicate balance of truth and love.- The authoritative handbook for recovery.- The biblical basis of recovery.- The process of biblical recovery. aSEG42 aSEG41 aSEG40 aSEG39 aP94 aP87 aP86 aP85 aP77 aP76 aP3504aCRISTIANISMO.